MARC

LEADER 00000nam0a2200000 4500
001 83770
005 20231031100329.0
020 |a RU  |b 85-84531 
035 |a (RuTPU)RU\TPU\book\90068 
090 |a 83770 
100 |a 20051021d1985 m y0rusy5003 ca 
101 0 |a rus 
102 |a RU 
105 |a a j 000zy 
200 1 |a Статистическая обработка данных и планирование химического эксперимента  |e курс, ориентированный на микрокалькуляторы  |f А. П. Садименко, В. А. Коган  |g Ростовский государственный университет; отв. ред. Н. Ф. Лосев 
210 |a Ростов-на-Дону  |c Изд-во Ростов. ун-та  |d 1985 
215 |a 151 с.  |c ил. 
606 1 |a Химический эксперимент  |x Планирование  |x Математические методы  |2 stltpush  |3 (RuTPU)RU\TPU\subj\72792 
610 1 |a химические эксперименты 
610 1 |a автоматизация 
610 1 |a программирование 
610 1 |a микрокалькуляторы 
610 1 |a подпрограммы 
610 1 |a учебные пособия 
675 |a 542  |z rus 
700 1 |a Садименко  |b А. П.  |g Александр Павлович  |4 070 
701 1 |a Коган  |b В. А.  |g Виктор Александрович  |4 070 
702 1 |a Лосев  |b Н. Ф.  |4 340 
712 0 2 |a Ростовский государственный университет  |2 stltpush  |3 (RuTPU)RU\TPU\col\3289 
801 0 |a RU  |b RuMRKP  |c 19950704  |g psbo 
801 1 |a RU  |b 63413507  |c 20051021  |g PSBO 
801 2 |a RU  |b 63413507  |c 20131204  |g PSBO 
942 |c BK